| 000 | 01358nam a22002897a 4500 | ||
|---|---|---|---|
| 003 | PE SENCICO BE | ||
| 005 | 20251020182706.0 | ||
| 008 | 240220b |||||||| |||| 00| 0 eng d | ||
| 040 |
_aPE SENCICO BE _cPE SENCICO BE |
||
| 041 | _aspa | ||
| 084 |
_aI _aDIS _a2017 _bT83 |
||
| 100 | 1 |
_91970 _aTrujillo Heighes, Byron Henry _eautor |
|
| 245 | 1 |
_aUnidades espacio funcionales en vivienda / _cByron Henry Trujillo Heighes |
|
| 246 | _aDesarrollo de un proyecto de diseño de interior de una vivienda unifamiliar | ||
| 260 |
_aLima : _c2017 |
||
| 300 |
_a[20] h. : _bplans. ; _c30 x 40 cm. |
||
| 500 | _aEl volumen 2 contiene planos. | ||
| 502 | _aMonografía de Titulación.-- Servicio Nacional de Capacitación para la Industria de la Construcción. Escuela Superior Técnica. Carrera Profesional Técnica en Diseño de Interiores, 2017 | ||
| 505 | 0 | _av. 1. Unidades espacio funcionales en vivienda (parte teórica) -- v. 2. Desarrollo de un proyecto de diseño de interior de una vivienda unifamiliar (parte práctica). | |
| 650 | 1 | 0 |
_944 _aDiseño de interiores |
| 650 | 2 | 0 |
_91628 _aViviendas unifamiliares |
| 650 | 2 | 0 |
_9370 _aArquitectura de viviendas |
| 650 | 2 | 0 |
_9615 _aPlanos |
| 710 | 1 |
_aServicio Nacional de Capacitación para la Industria de la Construcción. _bEscuela Superior Técnica _91065 |
|
| 910 |
_bhfp _chfp |
||
| 942 |
_cMON _2ddc |
||
| 999 |
_c4956 _d4956 |
||